000 00680nam a22001577a 4500
003 OSt
005 20151112143048.0
008 151112b xxu||||| |||| 00| 0 eng d
040 _cRUA
082 _aFOR SAR 2005 B132 Or.1
100 _93608
_aSAR, SOPHYRA.
245 _aStudy the collection of important ntfps of local people in vealveng district pursat province, សិក្សាពីការប្រមូលអនុផលព្រៃឈើសំខាន់!របស់ប្រជាជន នៅស្រុកវាលវែង ខេត្តពោធិ៏សាសត់
260 _aPhnom Penh
_bRUA
_c2005
300 _axi; 61p.
_bill.
_c29cm.
942 _2ddc
_cFOR
999 _c3359
_d3359